Such Great Heights - The Postal Service (All lyrics)) - Statistics

General Stats
  • This quiz has been taken 16 times
    15 since last reset
  • The average score is 178 of 236
Answer Stats
Answer % Correct
a
100%
come
100%
down
100%
from
100%
great
100%
heights
100%
I
100%
it
100%
its
100%
it's
100%
say
100%
such
100%
the
100%
They
100%
they'll
100%
thin
100%
thinking
100%
to
100%
we
100%
am
88%
and
88%
And
88%
are
88%
But
88%
but
88%
freckles
88%
images
88%
in
88%
kiss
88%
mirror
88%
see
88%
sign
88%
that
88%
us
88%
we'll
88%
when
88%
will
88%
away
75%
eyes
75%
far
75%
have
75%
now
75%
our
75%
perfect
75%
perfectly
75%
speculate
75%
stay
75%
this
75%
aligned
63%
all
63%
everything
63%
god
63%
hear
63%
himself
63%
like
63%
make
63%
not
63%
on
63%
out
63%
they're
63%
thoughts
63%
you
63%
your
63%
you're
63%
beat
50%
catch
50%
corresponding
50%
did
50%
fly
50%
for
50%
frankly
50%
highs
50%
into
50%
leave
50%
looks
50%
lowest
50%
lows
50%
machine
50%
missing
50%
my
50%
of
50%
pieces
50%
puzzle
50%
shapes
50%
shrillest
50%
stretch
50%
there
50%
troubled
50%
true
50%
waving
50%
best
38%
guide
38%
guiding
38%
head
38%
home
38%
hope
38%
may
38%
persistent
38%
radio
38%
road
38%
seem
38%
several
38%
shows
38%
song
38%
tried
38%
weeks
38%
You'll
38%
clay
25%
death
25%
is
25%
scan
25%
sounded
25%
upon
25%
windows
25%
with
13%
sending
0%
No matching quizzes found
Score Distribution
Percent of People with Each Score
Percentile by Number Answered
Your Score History
You have not taken this quiz since the last reset